000 00475cam a22001934a 4500
005 20250605164326.0
008 250528s ||||||||||||||||||||||||d
035 _a23050
020 _a9780030990137
040 _aGR-AtMCL
_bgre
_dGR-AtMCL
_eAACR2
245 1 _aUNDERSTANDING AND DESIGNING MARKETING RESEARCH
250 _a1
260 _bThe Dryden Press,
_c1992
300 _a236
700 1 _aWebb John R
_92063
942 _cBK
999 _c8090
_d8090